ՀՀ Գիտությունների ազգային ակադեմիայի հիմնարար գիտական գրադարան  =   Fundamental Scientific Library of NAS RA

Румыния / (Record no. 146189)

MARC details
000 -LEADER
fixed length control field 00801nam a2200217 u 4500
001 - CONTROL NUMBER
control field 000383381
003 - CONTROL NUMBER IDENTIFIER
control field AM-YeHGA
005 - DATE AND TIME OF LATEST TRANSACTION
control field 20250617132143.0
008 - FIXED-LENGTH DATA ELEMENTS--GENERAL INFORMATION
fixed length control field 041117s1960 ||||||||||||||||||| rus d
040 ## - CATALOGING SOURCE
Original cataloging agency AM-YeHGA
041 0# - LANGUAGE CODE
Language code of text/sound track or separate title rus
090 ## - LOCALLY ASSIGNED LC-TYPE CALL NUMBER (OCLC); LOCAL CALL NUMBER (RLIN)
-- 147575
245 00 - TITLE STATEMENT
Title Румыния /
Statement of responsibility, etc. Авт. кол.: К. Дайковичу и др.
250 ## - EDITION STATEMENT
Edition statement 2-е изд., пересмотр. и доб.
260 ## - PUBLICATION, DISTRIBUTION, ETC.
Place of publication, distribution, etc. Бухарест :
Name of publisher, distributor, etc. Меридианы,
Date of publication, distribution, etc. 1960.
300 ## - PHYSICAL DESCRIPTION
Extent 874 с. :
Other physical details ил.
650 14 - SUBJECT ADDED ENTRY--TOPICAL TERM
Topical term or geographic name entry element Политическая, экономическая и культурная жизнь отдельных стран и местностей
700 1# - ADDED ENTRY--PERSONAL NAME
Personal name Дайковичу, Константин
700 1# - ADDED ENTRY--PERSONAL NAME
Personal name Граур, Александру
700 1# - ADDED ENTRY--PERSONAL NAME
Personal name Опреску, Джордже
Holdings
Withdrawn status Lost status Source of classification or shelving scheme Damaged status Not for loan Collection Home library Current library Date acquired Total checkouts Full call number Barcode Date last seen Cost, replacement price Price effective from Koha item type Public note
    Universal Decimal Classification     General Fundamental Scientific Library Fundamental Scientific Library 22/12/2016   PI/4668 FL0090417 22/12/2016 2.00 22/12/2016 Գրքեր / Books 30 Days Loan


ՀՀ ԳԱԱ հիմնարար գիտական գրադարան
ՀՀ,Երևան 0019
Մարշալ Բաղրամյան 24/6
հեռախոս:(374-10) 52-47-50
Հետադարձ կապ

All site content, except where otherwise noted, is licensed under a
Creative Commons License